00672nam a22001697a 4500003000900000005001700009008004100026040001800067041000800085050002000093245011500113260008800228300001800316651003700334651003800371710009300409MX-MxUPN20260527105538.0260527s2006 mx| ||||rs||| 000 0 spa d aMX-MxUPNbspa0 aspa 4aHA755bI53 200600aIndicadores sociales básicos de la subregión norte de América Latina y el Caribe : bedición 2004-2005 aMéxico, D.F. : bComisión Económica para América Latina y el Caribe, c2006 a69 páginas  4aAmérica LatinavEstadística  4aCaribe (Región)vEstadística 2 aNaciones Unidas. bComisión Económica para América Latina y el Caribe eedición